Actividad Esmeraldifera : (Registro nro. 35790)

Detalles MARC
000 -CABECERA
Longitud fija campo de control 01341nam a22001937a 4500
003 - • IDENTIFICADOR DELl NÚMERO DE CONTROL
Identificador del número de control CO-ViMGA
008 - • CÓDIGOS DE INFORMACIÓN DE LONGITUD FIJA
Códigos de información de longitud fija 160827b xxu||||| |||| 00| 0 eng d
020 ## - • NÚMERO INTERNACIONAL NORMALIZADO PARA LIBROS
Número Internacional Normalizado para Libros (ISBN) 9789588009742
040 ## - FUENTE DE LA CATALOGACIÓN
Centro catalogador de origen CO-ViMGA
Lengua de catalogación spa
Centro transcriptor CO-ViMGA
110 ## - • PUNTO DE ACCESO PRINCIPAL-NOMBRE DE ENTIDAD CORPORATIVA
Nombre de entidad corporativa o nombre de jurisdicción como elemento inicial Corporación Autónoma Regional de Boyacá
245 10 - • TITULO PROPIAMENTE DICHO
Título Actividad Esmeraldifera :
Resto del título Guía Ambiental y Oportunidades de Producción más Limpia
300 ## - • DESCRIPCIÓN FÍSICA
Extensión 107 p. il.
534 ## - • Nota De Versión Original
-- Esta guía es una herramienta de alto nivel técnico y metodológico, que desarrolla el concepto del ciclo PHVA: Planear, Hacer, Verificar y Actuar, enfocando desde el principio a las empresas esmeraldíferas, sin importar su tamaño, a organizar el desarrollo de sus actividades bajo el esquema de procesos productivos, identificando dentro de ellos la cadena de valor, para que analizando las actividades de más alto impacto, se generen alternativas de producción que optimicen recursos y mejoren la calidad, cumpliendo en todo momento con la normatividad ambiental vigente y generando la oportunidad de la mejora continua.
650 14 - • PUNTO DE ACCESO ADICIONAL DE MATERIA - TÉRMINO DE MATERIA
Término de materia o nombre geográfico como elemento inicial Normas ambientales
Subdivisión de forma Formación para el trabajo
Subdivisión de materia general Implementación
Subdivisión cronológica Actividad esmeraldifera
710 ## - • PUNTO DE ACCESO ADICIONAL - NOMBRE DE ENTIDAD
Nombre de entidad o nombre de jurisdicción como elemento inicial Corporación para la Investigación Socieconómica y Tecnológica de Colombia
942 ## - ENTRADA DE ELEMENTOS AGREGADOS (KOHA)
Fuente de clasificaión o esquema Dewey Decimal Classification
Koha [por defecto] tipo de item LIbro
Existencias
Perdido Fuente de clasificación o esquema Estado Físico No para préstamo Forma de adquisición Localización permanente Localización actual Fecha adquisición Préstamos totales Código de barras Fecha última consulta Fecha último préstamo Número de copia Fecha del precio de reemplazo Tipo de item de Koha Localización en estanterías Signatura completa
  Dewey Decimal Classification     Colección General Biblioteca Pública Acacias - Carlos María Hernández Rojas Biblioteca Pública Acacias - Carlos María Hernández Rojas 05/07/2025   ACA02510 05/07/2025   Ej.1 05/07/2025 LIbro General 333.72861 C83
  Dewey Decimal Classification     Sala Referencia Biblioteca Pública Germán Arciniegas - Villavicencio Biblioteca Pública Germán Arciniegas - Villavicencio 08/27/2016 1 30349 07/13/2017 07/13/2017 Ej.1 08/27/2016 LIbro    









Instituto Departamental de Cultura del Meta - Red Departamental de Bibliotecas Públicas del Meta.